| 000 | 00427nam a2200145Ia 4500 | ||
|---|---|---|---|
| 008 | 140724s9999 xx 000 0 und d | ||
| 050 |
_aHB 615 _b.D427 2012 |
||
| 100 | _aDerama, Joie N. | ||
| 245 |
_aDress Up / _cJoie N. Derama. |
||
| 260 |
_aLas PiƱas, Philippines : _bSouthville International School and Colleges, _cc2012. |
||
| 300 |
_a33 p. : _bill. ; _c28 cm. |
||
| 521 | _aEntrepeneur | ||
| 942 | _cTH | ||
| 999 |
_c229204 _d229204 |
||